| 000 | 00973nam a2200289Ia 4500 | ||
|---|---|---|---|
| 001 | u23107 | ||
| 003 | SIRSI | ||
| 005 | 20180219123753.0 | ||
| 007 | he|amb|||bacu | ||
| 008 | 011113s1977 ua a bb 000 0 eng d | ||
| 039 | 9 |
_a200212241229 _bsaid _y200203190956 _zload |
|
| 040 | _aEAL | ||
| 090 |
_aThesis _bS-4196 |
||
| 100 | 1 | _aElmasry, Hamdy Mohamed. | |
| 245 | 1 | 0 |
_aEffect of some treatments on rooting in cutting of mangoes (Mangifera indica) _h[microform] / _cby Hamdy Mohamed Elmasry. |
| 260 | _c1977. | ||
| 300 |
_a98, 4 leaves : _bill. ; _c30 cm. |
||
| 502 | _aThesis (M.S.)--Menoufia University, 1977. | ||
| 504 | _aIncludes bibliographical references (leaves 79-98) | ||
| 533 |
_aMicrofiche. _bASUNET, _cAin Shams University, _e2 microfiches : negative. |
||
| 546 | _aSummary in Arabic. | ||
| 596 | _a1 | ||
| 650 | 0 |
_aMango _xPlanting time. |
|
| 650 | 0 | _aGrowth regulators. | |
| 910 | _aH.M. | ||
| 942 |
_cMIC _2lcc |
||
| 999 |
_c3595 _d3595 |
||